Countries Similar to U.S. States by Area - Statistics

General Stats
  • This quiz has been taken 55 times
  • The average score is 28 of 50
Answer Stats
Area State Country Area % Correct
69,001 North Dakota Uruguay 67,576
77%
113,594 Arizona Italy 113,568
74%
68,742 Missouri Cambodia 68,155
72%
82,170 Utah Ghana 87,854
72%
53,625 Florida Nepal 55,348
72%
155,779 California Paraguay 153,398
72%
55,857 Iowa Greece 49,769
67%
103,642 Colorado New Zealand 101,665
67%
35,826 Indiana Portugal 35,363
67%
66,456 Washington Romania 88,869
67%
39,490 Virginia South Korea 37,541
67%
30,843 Maine Austria 31,818
64%
40,861 Ohio Cuba 41,097
64%
55,519 Illinois Suriname 60,232
64%
52,035 Arkansas Tajikistan 54,039
64%
81,759 Kansas Uganda 77,147
64%
95,988 Oregon Ecuador 95,892
62%
97,093 Wyoming Guinea 94,873
62%
79,627 Minnesota Guyana 76,004
62%
570,641 Alaska Mongolia 599,833
62%
56,539 Michigan North Korea 46,491
62%
76,824 Nebraska Senegal 74,336
62%
68,595 Oklahoma Syria 70,900
62%
50,645 Alabama Bangladesh 50,259
59%
82,643 Idaho Belarus 78,344
59%
44,743 Pennsylvania Guatemala 41,375
59%
75,811 South Dakota Kyrgyzstan 74,054
59%
57,513 Georgia Tunisia 59,985
59%
41,235 Tennessee Iceland 38,707
56%
261,232 Texas Myanmar 252,237
56%
9,217 Vermont Rwanda 9,525
56%
48,618 North Carolina Bulgaria 41,915
54%
109,781 Nevada Burkina Faso 105,638
54%
43,204 Louisiana Honduras 43,201
54%
24,038 West Virginia Latvia 24,016
54%
7,800 Massachusetts Slovenia 7,776
54%
47,126 New York Benin 43,537
51%
30,061 South Carolina Czech Republic 29,823
51%
121,298 New Mexico Ivory Coast 122,780
51%
1,034 Rhode Island Luxembourg 1,000
51%
46,923 Mississippi Nicaragua 46,464
51%
39,486 Kentucky Eritrea 38,996
46%
9,707 Maryland North Macedonia 9,737
46%
54,158 Wisconsin Liberia 37,189
44%
145,546 Montana Zimbabwe 149,364
44%
6,423 Hawaii Eswatini 6,641
41%
8,953 New Hampshire Djibouti 8,950
38%
7,354 New Jersey Fiji 7,054
36%
1,949 Delaware Trinidad and Tobago 1,981
21%
4,842 Connecticut Vanuatu 4,707
21%
No matching quizzes found
Score Distribution
Percent of People with Each Score
Percentile by Number Answered
Your Score History
You have not taken this quiz